000 00405nam a22001577a 4500
999 _c3470
_d3470
008 200616b ||||| |||| 00| 0 eng d
020 _a9780340545249
082 0 0 _a627.73
_bB8271
100 _92859
_aBray, R. N.
245 1 0 _aDredging : a handbook for engineers /
_cby R.N. Bray
250 _a2nd ed.
260 _aLondon :
_bArnold,
_c1997.
300 _axii, 434 p.
650 0 _aDredging
942 _cBK